| 000 | 00668nam a2200241Ia 4500 | ||
|---|---|---|---|
| 003 | OSt | ||
| 005 | 20221005031233.0 | ||
| 006 | a|||||r|||| 00| 0 | ||
| 007 | ta | ||
| 008 | 221004b |||||||| |||| 00| 0 eng d | ||
| 024 | _a18226 | ||
| 037 |
_bGift, 29/05/2015, _cTextual |
||
| 040 |
_aCRL _cCRL _beng |
||
| 041 |
_2eng _aeng |
||
| 082 | _aO111,2J64:g, K6 | ||
| 100 | _aWatkins W B C | ||
| 245 | 0 | _aShakespeare and Spenser | |
| 260 |
_aCambridge _bWalker-de Berry UK _c1966 |
||
| 300 |
_a339p. _ccm. |
||
| 650 | _aENGLISH LITERATURE | ||
| 942 |
_hO111,2J64:g, K6 _cTEXL _2cc |
||
| 999 |
_c937415 _d937415 |
||